000 00484nam a2200181Ia 4500
001 2546
005 20260306144815.0
008 260306t1972||||xx |||||||||||||| ||spa||
041 _aESP
082 _a616.8914
_bW19
100 _aWallerstein, Robert S., 1921
_eAUT
245 0 _aLas nuevas direcciones de la psicoterapia :
_bteoría, práctica, investigación
260 _c1972
300 _a92 páginas :
_c23 cm.
650 _aGEN
654 _aCPS
942 _cLIB
_dJUS
_fJUS
_2ddc
_n
999 _c2546
_d2546